[Event "DLM 2008"]
[Site "Dresden GER"]
[Date "2008.11.17"]
[Round "6"]
[White "Puffay, Jana"]
[Black "Winkelmann, Elise"]
[Result "1-0"]
[Termination "normal"]
[Board "8.8"]
[WhiteElo "1109"]
[BlackElo "944"]
[WhiteTeam "Saarland"]
[BlackTeam "Sachsen 2"]
[PlyCount "93"]
[WhiteFideId "24692360"]
[EventCountry "GER"]
[EventRounds "7"]
[EventType "team-swiss"]
[EventDate "2008.11.13"]

1. e4 d5 2. Nc3 d4 3. Nce2 Nc6 4. d3 e5 5. Nf3 Be7 6. c3 Bg4 7. Ng3 Nf6 8. h3
Bxf3 9. Qxf3 O-O 10. Nf5 dxc3 11. bxc3 Bc5 12. Be2 h6 13. Qg3 Ne8 14. Bxh6 Qf6
15. Bg5 Qg6 16. h4 f6 17. Bd2 Qxg3 18. Nxg3 Rd8 19. Rb1 b6 20. h5 Nd6 21. Nf5
a5 22. Be3 Bxe3 23. fxe3 b5 24. Nxd6 cxd6 25. Kd2 b4 26. Rhc1 f5 27. cxb4 Nxb4
28. a3 Na6 29. d4 Nb8 30. Bc4+ Kh7 31. exf5 d5 32. Bd3 e4 33. Be2 Rxf5 34. Rf1
Rg5 35. g4 Nc6 36. Rb6 Ne7 37. Ra6 g6 38. Rf7+ Kh6 39. Rxe7 Rb8 40. hxg6 Rxg6
41. g5+ Kxg5 42. Re5+ Kh6 43. Rxg6+ Kxg6 44. Bh5+ Kf6 45. Rxd5 Rb2+ 46. Kc3 Rb6
47. Rxa5 1-0

[Event "DLM 2008"]
[Site "Dresden GER"]
[Date "2008.11.17"]
[Round "6"]
[White "Fink, Leander"]
[Black "Müller, Jan-Hendrik"]
[Result "1/2-1/2"]
[Termination "normal"]
[Board "9.1"]
[WhiteElo "2126"]
[BlackElo "2091"]
[WhiteTeam "Hessen 2"]
[BlackTeam "Hamburg"]
[PlyCount "58"]
[WhiteFideId "24605247"]
[BlackFideId "24615048"]
[EventCountry "GER"]
[EventRounds "7"]
[EventType "team-swiss"]
[EventDate "2008.11.13"]

1. e4 e6 2. d3 d5 3. Nf3 dxe4 4. dxe4 Qxd1+ 5. Kxd1 Bc5 6. Ke1 Nf6 7. Bd3 Nc6
8. Bf4 Bb6 9. Na3 Nh5 10. Bd2 e5 11. Nc4 f6 12. Nxb6 {(=)} axb6 13. g3 Be6 14.
h3 O-O 15. Ke2 Kh8 16. b3 f5 17. exf5 Bxf5 18. Bxf5 Rxf5 19. Be3 Raf8 20. Nh4
R5f7 21. c3 Nf6 22. f3 Nd5 23. Bd2 e4 24. fxe4 Nf6 25. Raf1 Nxe4 26. Rxf7 Rxf7
27. Be1 Ng5 28. Bd2 Re7+ 29. Kd3 Rd7+ {(=)} 1/2-1/2

[Event "DLM 2008"]
[Site "Dresden GER"]
[Date "2008.11.17"]
[Round "6"]
[White "Borgmeyer, Max"]
[Black "Aslan, Benjamin"]
[Result "1-0"]
[Termination "normal"]
[Board "9.2"]
[WhiteElo "2069"]
[BlackElo "1979"]
[WhiteTeam "Hamburg"]
[BlackTeam "Hessen 2"]
[PlyCount "85"]
[WhiteFideId "24615870"]
[BlackFideId "24640298"]
[EventCountry "GER"]
[EventRounds "7"]
[EventType "team-swiss"]
[EventDate "2008.11.13"]

1. e4 e6 2. d4 d5 3. Nc3 Nc6 4. Be3 Bb4 5. e5 Bd7 6. Bd3 Qe7 7. Nf3 f6 8. O-O
Qf7 9. Nb5 Ba5 10. c3 a6 11. Na3 Nge7 12. Nc2 O-O 13. exf6 Qxf6 14. Bg5 Qf7 15.
Ne3 Ng6 16. Ng4 Rae8 17. Qc2 Bb6 18. Rae1 Kh8 19. Bxg6 Qxg6 20. Qxg6 hxg6 21.
Nfe5 Nxe5 22. Nxe5 Rf5 23. Nxd7 Rxg5 24. Re3 Kg8 25. Rfe1 Kf7 26. Ne5+ Kf6 27.
g4 Rxe5 28. Rxe5 Kf7 29. R1e3 c6 30. Rf3+ Kg8 31. g5 Bc7 32. Re1 Bd6 33. Kg2
Re7 34. h4 Re8 35. Kh3 Re7 36. Kg4 Bb8 37. h5 gxh5+ 38. Kxh5 Bd6 39. g6 b5 40.
Kg4 e5 41. dxe5 Rxe5 42. Rxe5 Bxe5 43. Kf5 1-0

[Event "DLM 2008"]
[Site "Dresden GER"]
[Date "2008.11.17"]
[Round "6"]
[White "Jung, Gerhard"]
[Black "Lampert, Jonas"]
[Result "1/2-1/2"]
[Termination "normal"]
[Board "9.3"]
[WhiteElo "1931"]
[BlackElo "1925"]
[WhiteTeam "Hessen 2"]
[BlackTeam "Hamburg"]
[PlyCount "67"]
[WhiteFideId "24629812"]
[BlackFideId "1303759"]
[EventCountry "GER"]
[EventRounds "7"]
[EventType "team-swiss"]
[EventDate "2008.11.13"]

1. e4 e5 2. Nf3 Nf6 3. Nxe5 d6 4. Nf3 Nxe4 5. Bd3 Nc5 6. Qe2+ Be7 7. O-O Nxd3
8. Qxd3 O-O 9. Nc3 c6 10. Re1 d5 11. Ne2 Bg4 12. Ng3 Bd6 13. Nf5 Bxf5 14. Qxf5
Qd7 15. Qxd7 Nxd7 16. d4 Rfe8 17. Bg5 f6 18. Bh4 Kf7 19. Bg3 Bxg3 20. hxg3
Rxe1+ 21. Rxe1 Re8 22. Kf1 Rxe1+ 23. Nxe1 g6 24. g4 Ke6 25. Nd3 Kd6 26. Ke2 b6
27. c3 Nf8 28. Nf4 Ne6 29. Nxe6 Kxe6 30. Ke3 h6 31. f4 a6 32. b4 b5 33. Kf3 g5
34. f5+ 1/2-1/2

[Event "DLM 2008"]
[Site "Dresden GER"]
[Date "2008.11.17"]
[Round "6"]
[White "Müller, Tobias"]
[Black "Donchenko, Alexander"]
[Result "0-1"]
[Termination "normal"]
[Board "9.4"]
[WhiteElo "1687"]
[BlackElo "1877"]
[WhiteTeam "Hamburg"]
[BlackTeam "Hessen 2"]
[PlyCount "124"]
[WhiteFideId "24643394"]
[BlackFideId "24603295"]
[EventCountry "GER"]
[EventRounds "7"]
[EventType "team-swiss"]
[EventDate "2008.11.13"]

1. c4 e6 2. Nf3 d5 3. e3 Nf6 4. b3 c5 5. Bb2 Be7 6. d4 dxc4 7. bxc4 O-O 8. Bd3
b6 9. O-O Bb7 10. Nbd2 Nbd7 11. Qc2 h6 12. Rac1 Qc7 13. Qb1 Rac8 14. h3 Rfd8
15. Ba1 Qb8 16. Qb2 Bf8 17. Bb1 Qa8 18. Ne1 Ne4 19. Qc2 Ndf6 20. Nb3 Be7 21.
Bb2 cxd4 22. exd4 a5 23. Nd2 Bb4 24. Nxe4 Bxe4 25. Qe2 Bxe1 26. Bxe4 Bxf2+ 27.
Qxf2 Qxe4 28. d5 exd5 29. Bxf6 gxf6 30. Qxf6 Qg6 31. Qxg6+ fxg6 32. Rf6 Kg7 33.
Rxb6 dxc4 34. Rb2 Kf6 35. Re2 Rd5 36. Rcc2 Rf5 37. Re4 c3 38. Re3 Rfc5 39. Kf2
Kf5 40. Kf1 Kf4 41. Kf2 Rc4 42. a3 a4 43. g3+ Kf5 44. Kg2 h5 45. h4 g5 46. hxg5
Kxg5 47. Kf2 Kf5 48. Kg2 Kg4 49. Kh2 Rb8 50. Ree2 Rb3 51. Ra2 Rd4 52. Kg2 Rc4
53. Kh2 Kf3 54. Rf2+ Ke3 55. Kg2 Rc5 56. Rf3+ Kd4 57. Rf4+ Kd3 58. Rf3+ Kc4 59.
Rff2 Rb1 60. Kh3 Kb3 61. Rfc2 Rc4 62. Kg2 Rb2 0-1

[Event "DLM 2008"]
[Site "Dresden GER"]
[Date "2008.11.17"]
[Round "6"]
[White "Medvedovski, Michael"]
[Black "Schulenburg, Torben"]
[Result "1-0"]
[Termination "normal"]
[Board "9.5"]
[WhiteElo "1930"]
[BlackElo "1905"]
[WhiteTeam "Hessen 2"]
[BlackTeam "Hamburg"]
[PlyCount "79"]
[WhiteFideId "24600830"]
[BlackFideId "24648558"]
[EventCountry "GER"]
[EventRounds "7"]
[EventType "team-swiss"]
[EventDate "2008.11.13"]

1. e4 e6 2. Nf3 d5 3. Nc3 c5 4. exd5 exd5 5. Bb5+ Nc6 6. Qe2+ Be7 7. O-O Nf6 8.
Re1 Qd6 9. Ne5 Be6 10. d3 O-O 11. Bxc6 bxc6 12. Bf4 Qd8 13. Nxc6 Qd7 14. Nxe7+
Qxe7 15. Nb5 Rfc8 16. b3 Qd7 17. c4 d4 18. Rab1 a6 19. Na3 Re8 20. Qd2 Nh5 21.
Nc2 Rac8 22. h3 Nxf4 23. Qxf4 Bf5 24. Qd2 h6 25. Rxe8+ Rxe8 26. Re1 Rb8 27. Re5
Rb6 28. Rd5 Qc8 29. b4 cxb4 30. Nxd4 Bxh3 31. gxh3 Qxh3 32. Ne2 f5 33. Nf4 Qg4+
34. Kf1 g5 35. Qe2 gxf4 36. Qe8+ Kg7 37. Rd7+ Kf6 38. Rf7+ Kg5 39. Rg7+ Kh4 40.
Qd8+ 1-0

[Event "DLM 2008"]
[Site "Dresden GER"]
[Date "2008.11.17"]
[Round "6"]
[White "Herbold, Nora Marina"]
[Black "Schmalhorst, Sophia"]
[Result "1/2-1/2"]
[Termination "normal"]
[Board "9.6"]
[WhiteElo "1673"]
[BlackElo "1608"]
[WhiteTeam "Hamburg"]
[BlackTeam "Hessen 2"]
[PlyCount "102"]
[WhiteFideId "4624548"]
[BlackFideId "24682497"]
[EventCountry "GER"]
[EventRounds "7"]
[EventType "team-swiss"]
[EventDate "2008.11.13"]

1. e4 e5 2. Nf3 Nc6 3. d4 exd4 4. c3 dxc3 5. Bc4 Nf6 6. O-O Bc5 7. e5 d5 8.
exf6 dxc4 9. Qxd8+ Kxd8 10. fxg7 Rg8 11. Bg5+ Be7 12. Nxc3 Rxg7 13. Rad1+ Ke8
14. Bxe7 Kxe7 15. Nd5+ Kf8 16. Nf6 Bg4 17. Nd7+ Bxd7 18. Rxd7 Rc8 19. Rfd1 Rg6
20. Kf1 Ke8 21. h3 h6 22. R7d5 Re6 23. Rc1 Rd8 24. Rxd8+ Kxd8 25. Rxc4 Ne5 26.
Nxe5 Rxe5 27. Rc3 Kd7 28. f4 Ra5 29. a3 Rb5 30. b3 Ra5 31. b4 Rb5 32. Rc4 a5
33. Ke2 Kd6 34. Kd3 axb4 35. axb4 c5 36. Rxc5 Rxc5 37. bxc5+ Kxc5 38. g4 Kd5
39. h4 Ke6 40. Kd4 Kf6 41. Kc5 Kg7 42. Kb6 h5 43. gxh5 Kh6 44. Kxb7 Kxh5 45.
Kc6 Kg4 46. h5 Kxh5 47. Kd5 Kg4 48. Ke4 f6 49. Ke3 f5 50. Ke2 Kxf4 51. Kf2 Ke4
1/2-1/2

[Event "DLM 2008"]
[Site "Dresden GER"]
[Date "2008.11.17"]
[Round "6"]
[White "Zuyev, Lisa"]
[Black "Weber, Marina"]
[Result "1-0"]
[Termination "normal"]
[Board "9.7"]
[WhiteElo "1527"]
[BlackElo "1392"]
[WhiteTeam "Hessen 2"]
[BlackTeam "Hamburg"]
[PlyCount "73"]
[BlackFideId "1270577"]
[EventCountry "GER"]
[EventRounds "7"]
[EventType "team-swiss"]
[EventDate "2008.11.13"]

1. e4 e5 2. Nf3 Nc6 3. d4 exd4 4. Bc4 Bb4+ 5. c3 dxc3 6. bxc3 Be7 7. Qd5 Nh6 8.
Bxh6 O-O 9. Bg5 d6 10. Bxe7 Qxe7 11. Bd3 Ne5 12. Nxe5 dxe5 13. Qb3 Qg5 14. Bf1
Qc1+ 15. Qd1 Qb2 16. Nd2 Qxc3 17. Qc1 Qa5 18. Bd3 Rd8 19. Qc2 Qa3 20. Nb3 Qb4+
21. Ke2 c6 22. Rhd1 Qe7 23. Kf1 Be6 24. Bc4 Bxc4+ 25. Qxc4 Qh4 26. Kg1 Qh5 27.
Rxd8+ Rxd8 28. h3 h6 29. Na5 Rd7 30. Rf1 Rd2 31. Qc3 Rxa2 32. Nxb7 Ra6 33. Nd8
c5 34. Qxc5 Rg6 35. Qc8 Qf3 36. Ne6+ Kh7 37. Nf8+ 1-0

[Event "DLM 2008"]
[Site "Dresden GER"]
[Date "2008.11.17"]
[Round "6"]
[White "Lemke, Berfín"]
[Black "Sancar, Alina"]
[Result "0-1"]
[Termination "normal"]
[Board "9.8"]
[WhiteElo "1095"]
[BlackElo "1503"]
[WhiteTeam "Hamburg"]
[BlackTeam "Hessen 2"]
[PlyCount "78"]
[WhiteFideId "1270578"]
[BlackFideId "4624750"]
[EventCountry "GER"]
[EventRounds "7"]
[EventType "team-swiss"]
[EventDate "2008.11.13"]

1. e4 d5 2. exd5 Qxd5 3. Nc3 Qd6 4. d4 Nf6 5. Bc4 e6 6. Nge2 a6 7. Bb3 b5 8.
Bf4 Qd7 9. O-O Bb7 10. d5 exd5 11. Re1 Be7 12. Nd4 c5 13. a3 cxd4 14. Qxd4 Nc6
15. Qd3 d4 16. Ne2 O-O 17. Rad1 Nh5 18. Bg3 Nxg3 19. Qxg3 Rfd8 20. Qd3 Bf6 21.
h3 Na5 22. Ba2 Qc6 23. f3 Nc4 24. Rb1 Bh4 25. Red1 Rd6 26. Nxd4 Qc5 27. b4 Qc8
28. Bxc4 bxc4 29. Qe3 Qd7 30. Qf4 Bf6 31. c3 Rd8 32. Rd2 Bxd4+ 33. Rxd4 Rxd4
34. Qxd4 Qxd4+ 35. cxd4 Rxd4 36. Re1 Kf8 37. Rc1 Bc6 38. Kf1 Ke7 39. Ke2 Bb5
0-1

[Event "DLM 2008"]
[Site "Dresden GER"]
[Date "2008.11.18"]
[Round "7"]
[White "Stark, Saskia"]
[Black "Müller, Tobias"]
[Result "1-0"]
[Termination "normal"]
[Board "8.4"]
[WhiteElo "1912"]
[BlackElo "1687"]
[WhiteTeam "Sachsen 2"]
[BlackTeam "Hamburg"]
[PlyCount "81"]
[WhiteFideId "4601050"]
[BlackFideId "24643394"]
[EventCountry "GER"]
[EventRounds "7"]
[EventType "team-swiss"]
[EventDate "2008.11.13"]

1. e4 c5 2. Nc3 Nc6 3. Bb5 e6 4. Bxc6 bxc6 5. Nge2 Nf6 6. d3 Be7 7. O-O O-O 8.
h3 Ba6 9. b3 d5 10. Ng3 h6 11. Kh1 Nd7 12. Rb1 Bf6 13. Na4 Bh4 14. c4 f5 15.
exf5 exf5 16. Ne2 Qe7 17. Nf4 Qd6 18. Qh5 g5 19. Ng6 Rf6 20. Nxh4 gxh4 21. Qxh4
f4 22. Bb2 d4 23. Ba3 Rg6 24. Rbe1 Rg7 25. Qh5 Rg5 26. Qf3 Rf8 27. h4 Rg6 28.
Qh5 f3 29. g3 Kh7 30. Bxc5 Nxc5 31. Qxc5 Qb8 32. Qe5 Qc8 33. Kh2 Rfg8 34. Re4
Bb7 35. Nc5 R8g7 36. Nxb7 Qxb7 37. Qxd4 Qa6 38. a4 Qb7 39. Re8 Qf7 40. Qe4 Qf6
41. h5 1-0